113 Movies of 2013 (Clickable) Quiz Stats

 Plays Quiz not verified by Sporcle

Also try: Devoted Actors
Challenge
Share
Tweet
Embed
Score 0/113 Timer 20:00
0 Plays Today
% Correct
Anchorman 2: The Legend Continues
82.1%
12 Years a Slave
80.9%
Iron Man 3
80.6%
The Hunger Games: Catching Fire
80%
The Hobbit: The Desolation of Smaug
79.8%
Captain Phillips
79.6%
Frozen
79.6%
A Good Day to Die Hard
78.9%
Dallas Buyers Club
78.1%
G.I. Joe: Retaliation
77.7%
42
77.4%
Gravity
76.8%
Her
76.8%
Star Trek Into Darkness
76.8%
The Lone Ranger
76.8%
Lee Daniels' The Butler
76.4%
This is the End
76.4%
The Smurfs 2
76.4%
Monsters University
76%
Now You See Me
75.5%
The Wolf of Wall Street
75.1%
Despicable Me 2
74.7%
The Purge
74.3%
Kick-Ass 2
74.3%
Don Jon
74%
Saving Mr. Banks
74%
The Internship
74%
Olympus Has Fallen
73.6%
Rush
73.2%
After Earth
72.3%
The Hangover Part III
72.1%
World War Z
71.9%
Delivery Man
71.5%
Turbo
71.3%
Percy Jackson: Sea of Monsters
71.1%
Hansel and Gretel: Witch Hunters
71.1%
Fast & Furious 6
70.6%
We're The Millers
70.4%
% Correct
RED 2
70.2%
R.I.P.D
70%
Spring Breakers
69.8%
The Wolverine
69.6%
47 Ronin
69.4%
The Croods
69.1%
Gangster Squad
69.1%
Grudge Match
68.9%
Pain & Gain
68.3%
American Hustle
67.4%
The Secret Life of Walter Mitty
67.4%
The Incredible Burt Wonderstone
67.2%
Jack the Giant Slayer
67.2%
Nebraska
67%
Escape Plan
67%
Inside Llewyn Davis
66.8%
Cloudy with a Chance of Meatballs 2
66.6%
Warm Bodies
66.2%
Elysium
66%
Oz The Great and Powerful
65.7%
The Call
65.7%
About Time
64.9%
Lone Survivor
64.9%
Last Vegas
64.9%
August: Osage County
64.7%
The World's End
64.7%
Philomena
64.3%
The Heat
64.3%
Free Birds
64.3%
Before Midnight
63.8%
Side Effects
63.8%
Pacific Rim
63.4%
Blue is the Warmest Colour
63.2%
Admission
63%
Thor: The Dark World
62.3%
21 and Over
60.9%
Enders' Game
60.9%
Blue Jasmine
60.2%
% Correct
Planes
60.2%
Grown Ups 2
60%
Mud
59.1%
Prisoners
59.1%
The Conjuring
58.5%
The Way, Way Back
58.3%
Man of Steel
58.1%
All is Lost
58.1%
Jackass Presents: Bad Grandpa
57%
Insidious Chapter 2
56.8%
Oblivion
56.4%
Mama
53.6%
The Mortal Instruments: City of Bones
53%
2 Guns
52.8%
The Great Gatsby
52.1%
Enough Said
51.9%
The Fifth Estate
51.1%
The Place Beyond the Pines
51.1%
Fruitvale Station
50.6%
Broken City
50.6%
Quartet
50.4%
The Host
48.9%
Kill Your Darlings
47.4%
The Counselor
47.2%
The Kings of Summer
46.8%
Out of the Furnace
46.6%
The Last Stand
46.4%
Epic
45.1%
Safe Haven
44.7%
Runner Runner
43.6%
The Spectacular Now
43.2%
Beautiful Creatures
42.3%
The Great Beauty
41.9%
Scary Movie 5
40.6%
Stoker
40.4%
Short Term 12
38.5%
Dead Man Down
36.6%

You're not logged in!

Compare scores with friends on all Sporcle quizzes.
OR
Log In

You Might Also Like...

Show Comments

Extras

Created Sep 4, 2015ReportNominate
Tags:Movie Titles Quiz, 2013

Top Quizzes Today


Score Distribution

Your Account Isn't Verified!

In order to create a playlist on Sporcle, you need to verify the email address you used during registration. Go to your Sporcle Settings to finish the process.

Report this User

Report this user for behavior that violates our Community Guidelines.

Details: